00532nam a2200169 i 4500001000300000100001700003245005500020250001400075260002100089040000800110041000800118942000700126008004100133999001700174856009800191952007300289bg1 aMITSCHKE, M. 0aDynamika samochodu.nT. 1,pDrgania /cM.Mitschke. aWyd.2 zm. aWarszawa,c1989. cBPK apol cKS s pl f |000 0 pol  c29043d29043 uhttp://koha.tu.koszalin.pl/cgi-bin/koha/opac-detail.pl?biblionumber=29043yKatalog online BPK 00104070aBPKbBPKcwo35083p01132472q2027-05-12s2020-10-06yKS